00628nam a2200169 a 450000100100000000500170001000800410002702000150006804000250008308200150010810000200012324502190014325000130036226000340037530000260040970000230043500004057820201002034228.0111004s1978 mx b r 000 0 spa d a968230167X aDO-SdBNPbspacBNPHU axxxxbxxxx1 aPané, Ramón10aRelación acerca de las antigüedades de los Indios :bel primer tratado escrito en América, nueva versión, con notas, mapas y apéndices. /cFray Ramón Pané ; notas, mapa y apéndice José Juan Arrom. a3ra. ed. aMéxico :bSiglo xxi,c1978. avii, 125 p. ;c19 cm.1 aArrom, José Juan